000 00575nam a2200241Ia 4500
003 OSt
005 20221005130150.0
006 a|||||r|||| 00| 0
007 ta
008 221004b |||||||| |||| 00| 0 eng d
024 _a32201
037 _cTextual
040 _aCRL
_cCRL
_beng
041 _2eng
_aeng
082 _aV236:1:M7, A
100 _aGriffin L H
_9637687
245 0 _aRajas of the Punjab
260 _c1873
300 _a624p.
_ccm.
650 _aHISTORY
942 _hV236:1:M7, A
_cTEXL
_2cc
999 _c1056297
_d1056297